Akatisty k úcte presvätej Bohorodičky v rukopisnom akatistníku Jána Juhaseviča-Skliarskeho z roku 1789

Bibliographic Details
Main Author: Glevaňák, Michal (Author)
Format: Article
Language:Slovak
PhysicalDescription:Obr.
ISBN:9788089489176
Subjects:

MARC

LEADER 00000naa a2200000 a 4500
001 vtls010688473
003 SK-MaSNL
005 20260426023831.0
008 150625 2014 xo 000 b slo
015 |a SNBRA 2015  |2 svkbbbg 
038 |a SVKBBBG 
040 |a SVKBBBG  |b slo  |c SVKBBBG  |e AACR2 
041 0 |a slo 
044 |a xo  |c SK 
072 7 |a 27-5  |x Liturgia. Kresťanské umenie a symbolika. Duchovný život  |2 konspekt 
072 7 |a 783  |x Cirkevná hudba. Duchovná hudba. Náboženská hudba  |2 konspekt 
072 7 |a 09  |x Rukopisy, prvotlače, staré tlače. Vzácne a pozoruhodné diela  |2 konspekt 
080 |a 272-528.8-534.3  |2 2001 
080 |a 27-312.47  |2 2001 
080 |a 27-528.8  |2 2001 
080 |a 783.6  |2 2001 
080 |a 091  |2 2001 
080 |a "17"  |2 2001 
080 |a (437.6)  |2 2001 
100 1 |a Glevaňák, Michal  |4 aut  |9 621677 
245 1 0 |a Akatisty k úcte presvätej Bohorodičky v rukopisnom akatistníku Jána Juhaseviča-Skliarskeho z roku 1789  |c Michal Glevaňák 
300 |b Obr. 
500 |a Obsahuje ukážky z akatistníka z roku 1789 
504 |a Bibliogr. odkazy ; pozn. 
600 0 7 |a Mária,  |c matka Ježišova, svätá  |2 SNKMA  |9 157751 
600 1 7 |a Juhasevič-Skliarsky, Ján  |2 SVKBBPH  |9 837258 
648 7 |a 1789  |2 SVKBBPH  |9 531410 
650 0 7 |a akatist  |2 SNKPH  |9 69402 
650 0 7 |a mariánsky kult  |2 SNKPH  |9 1996 
650 0 7 |a byzantský rítus  |2 SNKPH  |9 49897 
650 0 7 |a liturgické spevníky  |2 SNKPH  |9 97920 
650 0 7 |a rukopisy  |2 SNKPH  |9 1788 
651 7 |a Slovensko  |2 SNKPHgeo  |9 14231 
773 0 |t Bohorodička v kultúrnych dejinách Slovenska  |d Bratislava : Slavistický ústav Jána Stanislava SAV, Bratislavská gréckokatolícka eparchia, 2014  |g S. 216-223  |z 9788089489176 
852 |a SVKBB  |b KIS3GCP 
958 |a NB 
999 |c 1353713  |d 1355643